Statistics for BZRP Music Sessions 53 - Shakira (All Lyrics)

Click here to take the quiz!

General Stats

  • This quiz has been taken 261 times
  • The average score is 259 of 416

Answer Stats

Answer% Correct
a
96%
A
96%
y
93%
es
92%
92%
91%
tu
91%
No
89%
no
89%
que
89%
como
87%
pa'
87%
Pa'
87%
yo
83%
de
82%
por
82%
Te
82%
te
82%
un
82%
está
80%
la
80%
lo
80%
tipos
78%
una
75%
con
74%
claramente
73%
CLARAmente
73%
perdón
71%
Perdón
71%
Me
70%
me
70%
ya
69%
las
67%
buena
63%
grande
63%
nombre
63%
persona
63%
Rolex
63%
suena
63%
Casio
62%
en
61%
igualita
61%
61%
mi
61%
estás
60%
loba
60%
más
60%
Tiene
60%
tiene
60%
mujeres
59%
Ferrari
57%
hace
57%
salPIQUE
57%
aquí
56%
avión
56%
baby
56%
eso
56%
Twingo
55%
cambiaste
54%
Cambiaste
54%
facturan
54%
rato
54%
Sorry
54%
ni
52%
otro
52%
52%
lloran
51%
mastique'
51%
quiero
51%
suegra
51%
versión
51%
cogí
49%
decepción
49%
el
49%
gato
49%
necesitaba
49%
oh
49%
pero
49%
puerta
49%
quedé
49%
vuelvo
49%
cuando
47%
Esto
47%
otra
47%
tan
47%
dejaste
46%
dura
46%
mucho
46%
música
46%
novatos
46%
vecina
46%
contigo
44%
trague'
44%
debí
43%
dos
43%
mortifique'
43%
peor
43%
ese
42%
prensa
42%
si
42%
también
42%
uh
42%
deuda
41%
pasó
41%
paso
41%
regreso
41%
tanto
41%
bien
40%
critiquen
40%
amor
39%
bebé
39%
Hacienda
39%
llore'
39%
mía
39%
solo
39%
suplique'
39%
diste
38%
campeón
37%
cerebro
37%
culpa
37%
al
36%
botar
36%
hago
36%
trabaja
36%
Del
35%
deseo
35%
despacio
34%
gimnasio
34%
ven
34%
creíste
33%
entendí
33%
volviste
33%
Ah
32%
hay
31%
poquito
31%
heriste
30%
valgo
30%
raro
29%
rencor
29%
veintidós
29%
cero
27%
das
27%
distingo
27%
odio
27%
caso
26%
supuesto
26%
Vas
26%
vaya
26%
ella
25%
acá
24%
dale
23%
hazme
23%
acelera'o
21%
donde
21%
reemplazo
20%
'tás
20%
todo
20%
vuelva'
20%
rehén
19%
mañana
18%
siento
18%
quieres
16%
Fotos
15%
venga
15%
desocupo
11%
traértela
11%

Score Distribution

Percentile by Number Answered

Percent of People with Each Score

Your Score History

You have not taken this quiz